00501nam a22001571a 45000010005000000030004000050050017000090080041000260200015000670500022000820820022001041000039001262450091001652640030002566500057002863485OSt20260204211853.0041007s2003||||dr ||||||b||||||||||spa|| a9993494909 aRD 327.7293 R618h aRD 327.7293 R618h aRodríguez Cabrer, Miguel Antonio aHistoria jurídica de la cancillería dominicana / Miguel Antonio Rodríguez Cabrer aSanto Domingo : Unicaribe a1.Relaciones Internacioales 2.Historia JurídicaÌ